Transistor circuit analysis / (Record no. 182344)

000 -LEADER
fixed length control field 01039 a2200193 4500
003 - CONTROL NUMBER IDENTIFIER
control field Nust
005 - DATE AND TIME OF LATEST TRANSACTION
control field 20221202151918.0
040 ## - CATALOGING SOURCE
Transcribing agency Nust
082 ## - DEWEY DECIMAL CLASSIFICATION NUMBER
Classification number 621.381528,KIV
100 ## - MAIN ENTRY--PERSONAL NAME
Personal name Kiver, Milton S.
9 (RLIN) 41682
245 ## - TITLE STATEMENT
Title Transistor circuit analysis /
Statement of responsibility, etc. Maurice V.Joyce and Kenneth K clarke
250 ## - EDITION STATEMENT
Edition statement 3rd ed.
260 ## - PUBLICATION, DISTRIBUTION, ETC.
Place of publication, distribution, etc. London
Name of publisher, distributor, etc. Addison wesely publishing co.
Date of publication, distribution, etc. 1961.
300 ## - PHYSICAL DESCRIPTION
Extent vii,461p.
Other physical details illus
Dimensions 24 cm
505 ## - FORMATTED CONTENTS NOTE
Formatted contents note Introduction To Modern Electron Theory (Page-1), Semiconductor Diodes And Transistors (Page-17), Transistor Characteristics (Page-52), Transistor Amplifiers (Page-119), Transistor Oscillators (Page-168), Transistor Radio Receivers (Page-187), Transistors In Television Receivers (Page-223), Industrial Applications Of Transistor (Page-272), Additional Transistor Developments (Page-314), Servicing Transistor Circuits (Page-382), Experiments With Transistors (Page-413), Transistor-Amplifier Design (Page-442)
600 ## - SUBJECT ADDED ENTRY--PERSONAL NAME
Personal name Milton S Kiver
9 (RLIN) 104031
650 ## - SUBJECT ADDED ENTRY--TOPICAL TERM
Topical term or geographic name entry element Telecommunication Engineering
942 ## - ADDED ENTRY ELEMENTS (KOHA)
Source of classification or shelving scheme
Koha item type Book
Holdings
Withdrawn status Lost status Source of classification or shelving scheme Damaged status Not for loan Permanent Location Current Location Shelving location Date acquired Full call number Barcode Date last seen Price effective from Koha item type Public note
          Military College of Signals (MCS) Military College of Signals (MCS) General Stacks 12/12/2016 621.381528,KIV MCS7341 12/08/2016 12/12/2016 Book Almirha No 83, Shelf No 1
          Military College of Signals (MCS) Military College of Signals (MCS) General Stacks 12/12/2016 621.381528,KIV MCS7418 12/08/2016 12/12/2016 Book Almirha No 83, Shelf No 1
          Military College of Signals (MCS) Military College of Signals (MCS) General Stacks 12/12/2016 621.381528,KIV MCS7425 12/08/2016 12/12/2016 Book Almirah No.34, Shelf No.1
© 2023 Central Library, National University of Sciences and Technology. All Rights Reserved.